000 00446nam a2200145 a 4500
001 000032669
005 20200930065752.0
008 110725s1937 dr 000 0 spa d
040 _aDO-SdBNP
_bspa
_cBNPHU
100 1 _aLlaverías, Federico
_910157
245 1 0 _aSentimientos fraternos /
_cFederico Llaverías.
260 _aCiudad Trujillo, República Dominicana :
_bImp. J. R. vda. García,
_c1937.
300 _a28 p. ;
_c24 cm.
049 _aBNPD
999 _c32160
_d32160